Исследование некоторых факторов, определяющих конструкцию и производительность установок для вращательно-ударного бурения веера скважин малого диаметра: диссертация на соискание ученой степени кандидата технических наук

التفاصيل البيبلوغرافية
المؤلف الرئيسي: Саруев Л. А. Лев Алексеевич
مؤلف مشترك: Томский политехнический институт (ТПИ)
مؤلفون آخرون: Горбунов В. Ф. Валерий Федорович
اللغة:الروسية
منشور في: Томск, 1968
الموضوعات:
التنسيق: كتاب
KOHA link:https://koha.lib.tpu.ru/cgi-bin/koha/opac-detail.pl?biblionumber=138464

MARC

LEADER 00000nbm0a2200000 4500
001 138464
005 20231031141445.0
035 |a (RuTPU)RU\TPU\book\150035 
090 |a 138464 
100 |a 20080526d1968 k y0rusy50 ca 
101 0 |a rus 
102 |a RU 
105 |a a m 001zy 
200 1 |a Исследование некоторых факторов, определяющих конструкцию и производительность установок для вращательно-ударного бурения веера скважин малого диаметра  |e диссертация на соискание ученой степени кандидата технических наук  |f Л. А. Саруев  |g Томский политехнический институт (ТПИ) ; науч. рук. В. Ф. Горбунов 
210 |a Томск  |d 1968 
215 |a 200 л.  |c ил. 
320 |a Библиогр.: с. 162-178 (184 назв.) 
610 1 |a диссертации 
610 1 |a вращательно-ударное бурение 
610 1 |a скважины малого диаметра 
610 1 |a установки 
610 1 |a производительность 
610 1 |a конструкции 
610 1 |a бурение 
610 1 |a рудники 
610 1 |a факторы 
610 1 |a производственные испытания 
610 1 |a техника 
675 |a 622.24.011(04)  |v 3 
700 1 |a Саруев  |b Л. А.  |c горный инженер  |c профессор Томского политехнического университета, доктор технических наук  |f 1940-  |g Лев Алексеевич  |2 stltpush  |3 (RuTPU)RU\TPU\pers\19862 
702 1 |a Горбунов  |b В. Ф.  |c российский ученый, специалист в области горной механики  |c профессор Томского политехнического университета  |f 1926-  |g Валерий Федорович  |2 stltpush  |3 (RuTPU)RU\TPU\pers\19777 
712 0 2 |a Томский политехнический институт (ТПИ)  |c (1944-1991)  |2 stltpush  |3 (RuTPU)RU\TPU\col\1123 
801 1 |a RU  |b 63413507  |c 20080526  |g PSBO 
801 2 |a RU  |b 63413507  |c 20160606  |g PSBO 
942 |c BK